000 00534nam a22001937a 4500
003 KOHA_MİRAKIL
005 20251015142302.0
008 251015b tu ||||| |||| 00| 0 tur d
020 _a9789753299152
040 _aTR-AnABB
_btur
_cTR-AnABB
041 _atur
082 _a813.42
_bPAZ 2016
100 1 _aPazarkaya, Yüksel,
245 1 0 _aSavrulanlar /
_cYüksel Pazarkaya
260 _aİstanbul :
_bOğlak Yayıncılık,
_c2016
300 _a287 sayfa ;
_c18 cm
650 0 4 _aTürk edebiyatı, roman
942 _2ddc
_cBK
999 _c9159
_d9159
900 _bGizem YORULMAZ